000 01044cam a2200265 4500
001 WB3743-31
008 011113n2001 000 0 eng u
035 _a(Sirsi) u115586
245 _aJLL job cuts
260 _c2001
490 _aEstates Gazette
_v(0145) 10 November 2001, 35-36(2)
520 _aFollowing 3Q losses of $6.2m, Jones Lang LaSalle announces it will cut its workforce by 9%, with between 50 and 90 staff facing redundancy in the English division and up to 140 staff in Europe. Insignia Richard Ellis and Atis Real Weatheralls have ruled out immediate job cuts following JLL's decision, although Knight Frank warned that JLL would not be the last big agent to make redundancies.
590 _aWB
650 _aJONES LANG LASALLE
650 _aPROPERTY AGENTS
650 _aINSIGNIA RICHARD ELLIS
650 _aREVENUE
650 _aKNIGHT FRANK
650 _aWORKFORCE
650 _aREDUNDANCY
650 _aJOB LOSSES
650 _aPROPERTY MARKET
690 _aPROPERTY AND LAND LAW-AGENCY
942 _n0
999 _c68840
_d68840